00564nam a2200145 a 4500008004100000050001800041100002700059245003400086260002600120300002000146350000900166995009200175999001700267952013400284120416s1972 ||||||||||||||||| || u aHF 5429.3 Mur aMURPHY, Raymond Edward14aThe central business district aLondonbLongmanc1972 avi, 193p. : ill a0.00 D0.00FCBU-MAIN LIBRARY (Kitwe)H1I0.00UAVAILABLEZMain Library Open Access Collection c36963d36963 00102lcc4070a001b001cMain Library Open Access Collectiond2022-11-30l0oHF 5429.3 Murp004935r2022-11-30w2022-11-30y002